| 000 | 00514nam a22001817a 4500 | ||
|---|---|---|---|
| 005 | 20260404104006.0 | ||
| 008 | 260404b |||||||| |||| 00| 0 eng d | ||
| 020 | _a9789393168092 | ||
| 040 |
_cSGVU _dSGVU |
||
| 082 |
_222 _a631.523 _bSIB P |
||
| 100 |
_aSingh B D _939427 |
||
| 245 |
_aPlant Biotechnology _hEnglish |
||
| 250 | _a4 | ||
| 260 |
_aNew Delhi _bMedTech Science Press _c2026 |
||
| 300 |
_a614p _bPaperback |
||
| 650 |
_aPlant Biotechnology _zIndia _939976 |
||
| 942 |
_2ddc _cBOOKS _e4 _h2 _k631.523 SIB P |
||
| 999 |
_c90129 _d90129 |
||